| 000 | 01035nam a22002537a 4500 | ||
|---|---|---|---|
| 999 |
_c200427586 _d45510 |
||
| 003 | TR-AnTOB | ||
| 005 | 20190920144044.0 | ||
| 008 | 171010b xxu||||| |||| 00| 0 tur d | ||
| 040 |
_aTR-AnTOB _beng _cTR-AnTOB _erda |
||
| 041 | _atur | ||
| 050 |
_aTD883.7.T9 _b H38 2017 |
||
| 090 |
_aTD883.7.T9 _b H38 2017 |
||
| 110 |
_aTürkiye. _bÇevre ve Şehircilik Bakanlığı. _bÇevre Yönetimi Genel Müdürlüğü _9104567 |
||
| 111 |
_aUlusal Hava Kalitesi Yönetimi Çalıştayı _n(1. : _d8-10 Mayıs 2017 : _cAfyonkarahisar) _9118195 |
||
| 245 |
_aI. Ulusal Hava Kalitesi Yönetimi Çalıştayı (8 - 10 Mayıs 2017) : _bSonuç Bildirgesi ve Raporu / _cÇevre Yönetimi Genel Müdürlüğü. |
||
| 264 |
_aAfyonkarahisar : _bÇevre Yönetini Genel Müdürlüğü, _c2017. |
||
| 300 |
_a82 pages : _bcharts, illustrations ; _c30 cm |
||
| 336 |
_2rdacontent _atext |
||
| 337 |
_2rdamedia _aunmediated |
||
| 338 |
_2rdacarrier _avolume |
||
| 650 | 0 |
_aAir quality management _zTurkey _9118196 |
|
| 942 |
_2lcc _cBK |
||